[Event "1. Bundesliga 2013/2014"]
[Site "Jenbach, Wolfsberg, St. Veit/Glan"]
[Date "2014.03.21"]
[Round "9"]
[Board "1"]
[White "Postny, Evgeny"]
[Black "Babula, Vlastimil"]
[Result "1-0"]
[WhiteElo "2635"]
[BlackElo "2566"]
[PlyCount "83"]
[EventDate "2013.12.06"]
[EventType "team"]
[EventRounds "11"]
[EventCountry "AUT"]
[WhiteTeam "SIR Bernhard Glatz"]
[BlackTeam "Union Ansfelden"]

1. d4 Nf6 2. c4 e6 3. g3 Bb4+ 4. Bd2 Qe7 5. Nf3 Bxd2+ 6. Qxd2 Nc6 7. Nc3 d5 8.
b3 O-O 9. Bg2 dxc4 10. bxc4 Rd8 11. O-O e5 12. e3 Qb4 13. Qd3 Qe7 14. Ng5 g6
15. d5 Bf5 16. Nge4 Nb4 17. Nxf6+ Qxf6 18. Qd2 Na6 19. f4 Nc5 20. e4 Bd7 21.
Qe3 b6 22. f5 g5 23. Nd1 Qg7 24. f6 Qg6 25. Rb1 Bc8 26. Rb2 Rd6 27. Rbf2 Bd7
28. h3 Re8 29. Nc3 a6 30. g4 Bc8 31. Ne2 Nd7 32. Ng3 Rxf6 33. Rxf6 Nxf6 34. c5
c6 35. cxb6 cxd5 36. exd5 Bb7 37. Be4 Nxd5 38. Qc5 Qc6 39. Qxc6 Bxc6 40. Nh5
Rd8 41. Bxd5 Bxd5 42. Rd1 1-0

[Event "1. Bundesliga 2013/2014"]
[Site "Jenbach, Wolfsberg, St. Veit/Glan"]
[Date "2014.03.21"]
[Round "9"]
[Board "2"]
[White "Weiss, Christian"]
[Black "Mons, Leon"]
[Result "0-1"]
[WhiteElo "2386"]
[BlackElo "2418"]
[PlyCount "68"]
[EventDate "2013.12.06"]
[EventType "team"]
[EventRounds "11"]
[EventCountry "AUT"]
[WhiteTeam "Union Ansfelden"]
[BlackTeam "SIR Bernhard Glatz"]

1. c4 e6 2. g3 d5 3. Bg2 Nf6 4. Nf3 d4 5. O-O c5 6. e3 Nc6 7. exd4 cxd4 8. d3
h6 9. Bf4 Bd6 10. Bxd6 Qxd6 11. Na3 O-O 12. Nb5 Qd8 13. Re1 Rb8 14. Qd2 a6 15.
Na3 Qd6 16. Rac1 b6 17. Nc2 e5 18. b4 b5 19. c5 Qc7 20. Na1 Re8 21. Nb3 Bf5 22.
Nh4 Bh7 23. Bxc6 Qxc6 24. Na5 Qc7 25. f3 Nd5 26. a3 Rbd8 27. Ng2 Nc3 28. g4 f5
29. gxf5 Bxf5 30. Rf1 Be6 31. f4 Bd5 32. f5 e4 33. dxe4 Rxe4 34. f6 Re2 0-1

[Event "1. Bundesliga 2013/2014"]
[Site "Jenbach, Wolfsberg, St. Veit/Glan"]
[Date "2014.03.21"]
[Round "9"]
[Board "3"]
[White "Schramm, Christian"]
[Black "Knoll, Hermann"]
[Result "1-0"]
[WhiteElo "2394"]
[BlackElo "2302"]
[PlyCount "105"]
[EventDate "2013.12.06"]
[EventType "team"]
[EventRounds "11"]
[EventCountry "AUT"]
[WhiteTeam "SIR Bernhard Glatz"]
[BlackTeam "Union Ansfelden"]

1. e4 e5 2. Nf3 Nc6 3. d4 exd4 4. Nxd4 Nf6 5. Nc3 Bb4 6. Nxc6 bxc6 7. Bd3 O-O
8. O-O Re8 9. Qf3 Bd6 10. Bf4 Bxf4 11. Qxf4 d6 12. Rad1 Bd7 13. Qh4 Ng4 14. Qg3
Qf6 15. h3 Ne5 16. f4 Nxd3 17. cxd3 Qd4+ 18. Qf2 Qxf2+ 19. Kxf2 Rab8 20. Rd2 f5
21. Kf3 g6 22. g4 Kf7 23. Rg1 Rg8 24. Rdg2 Be6 25. b3 Bd7 26. Ke3 Be6 27. Ne2
Bd7 28. gxf5 gxf5 29. h4 Rxg2 30. Rxg2 h6 31. Nd4 Re8 32. b4 a5 33. a3 axb4 34.
axb4 fxe4 35. dxe4 Rb8 36. f5 Rxb4 37. Rg6 c5 38. Nf3 Bc6 39. Ne5+ dxe5 40.
Rxc6 Rb3+ 41. Ke2 Rb2+ 42. Kf3 Rb3+ 43. Kg4 Re3 44. Rxc7+ Kf6 45. Rc6+ Kg7 46.
f6+ Kf7 47. Kf5 Rf3+ 48. Kxe5 Kg6 49. Rc7 h5 50. Rg7+ Kh6 51. Rg1 c4 52. Ke6 c3
53. f7 1-0

[Event "1. Bundesliga 2013/2014"]
[Site "Jenbach, Wolfsberg, St. Veit/Glan"]
[Date "2014.03.21"]
[Round "9"]
[Board "4"]
[White "Moser, Guenter"]
[Black "Pitl, Gregory"]
[Result "0-1"]
[WhiteElo "2349"]
[BlackElo "2389"]
[PlyCount "80"]
[EventDate "2013.12.06"]
[EventType "team"]
[EventRounds "11"]
[EventCountry "AUT"]
[WhiteTeam "Union Ansfelden"]
[BlackTeam "SIR Bernhard Glatz"]

1. Nf3 Nf6 2. g3 b6 3. Bg2 Bb7 4. O-O c5 5. b3 e6 6. Bb2 Be7 7. e3 O-O 8. Nc3
d6 9. Re1 a6 10. d4 Qc7 11. a3 b5 12. Qe2 Nbd7 13. a4 b4 14. Na2 cxd4 15. Nxd4
Bxg2 16. Kxg2 Qb7+ 17. f3 Rfc8 18. Qd2 Rab8 19. Rab1 Nc5 20. Qd1 g6 21. Ne2 Ng4
22. Ng1 Ne5 23. Qe2 Bf6 24. Bd4 Bg7 25. Rbd1 Rc7 26. Rd2 Rbc8 27. Bxe5 Bxe5 28.
Rf1 Nd7 29. Nh3 a5 30. Nf2 Qc6 31. Rfd1 f5 32. Kf1 d5 33. Kg2 Bf6 34. Qf1 Qb6
35. Qe2 Qb7 36. Rf1 g5 37. Kg1 h5 38. e4 dxe4 39. fxe4 Ne5 40. Qxh5 g4 0-1

[Event "1. Bundesliga 2013/2014"]
[Site "Jenbach, Wolfsberg, St. Veit/Glan"]
[Date "2014.03.21"]
[Round "9"]
[Board "5"]
[White "Tischbierek, Raj"]
[Black "Felsberger, Alfred"]
[Result "1-0"]
[WhiteElo "2431"]
[BlackElo "2352"]
[PlyCount "51"]
[EventDate "2013.12.06"]
[EventType "team"]
[EventRounds "11"]
[EventCountry "AUT"]
[WhiteTeam "SIR Bernhard Glatz"]
[BlackTeam "Union Ansfelden"]

1. e4 c5 2. Nc3 d6 3. Nf3 Nf6 4. d4 cxd4 5. Nxd4 e6 6. Be2 a6 7. O-O Be7 8. f4
Nc6 9. Be3 O-O 10. a4 Qc7 11. Kh1 Re8 12. Bd3 Nxd4 13. Bxd4 e5 14. Bg1 exf4 15.
Rxf4 Be6 16. Nd5 Bxd5 17. exd5 Rf8 18. Bd4 Qd8 19. Qf3 Ne8 20. Rf1 f6 21. Qh5
g6 22. Bxg6 hxg6 23. Qxg6+ Ng7 24. Rg4 Rf7 25. Rh4 Rf8 26. Rh7 1-0

[Event "1. Bundesliga 2013/2014"]
[Site "Jenbach, Wolfsberg, St. Veit/Glan"]
[Date "2014.03.21"]
[Round "9"]
[Board "6"]
[White "Ennsberger, Ulrich"]
[Black "Seyb, Alexander"]
[Result "0-1"]
[WhiteElo "2339"]
[BlackElo "2367"]
[PlyCount "56"]
[EventDate "2013.12.06"]
[EventType "team"]
[EventRounds "11"]
[EventCountry "AUT"]
[WhiteTeam "Union Ansfelden"]
[BlackTeam "SIR Bernhard Glatz"]

1. d4 Nf6 2. Nf3 g6 3. Bg5 Bg7 4. Nbd2 d5 5. e3 O-O 6. Be2 b6 7. O-O c5 8. c3
Nc6 9. Qa4 Bb7 10. b4 Ne4 11. Nxe4 dxe4 12. Nd2 cxb4 13. cxb4 a5 14. b5 Nb4 15.
Bh4 Rc8 16. Rac1 Qd7 17. Nc4 Qe6 18. Rfd1 Bd5 19. a3 Nd3 20. Bxd3 exd3 21. Nd2
Qg4 22. Bg3 Qe2 23. Bc7 Bh6 24. Nf1 Qb2 25. Nd2 e6 26. Nc4 Qe2 27. Nxb6 d2 28.
Nxc8 Rxc8 0-1

[Event "1. Bundesliga 2013/2014"]
[Site "Jenbach, Wolfsberg, St. Veit/Glan"]
[Date "2014.03.22"]
[Round "10"]
[Board "1"]
[White "Baumegger, Siegfried"]
[Black "Babula, Vlastimil"]
[Result "1/2-1/2"]
[WhiteElo "2476"]
[BlackElo "2566"]
[PlyCount "62"]
[EventDate "2013.12.06"]
[EventType "team"]
[EventRounds "11"]
[EventCountry "AUT"]
[WhiteTeam "tschaturanga"]
[BlackTeam "Union Ansfelden"]

1. d4 Nf6 2. c4 e6 3. Nc3 Bb4 4. Qc2 O-O 5. a3 Bxc3+ 6. Qxc3 d6 7. Nf3 Re8 8.
b4 e5 9. dxe5 dxe5 10. Bb2 e4 11. Ne5 c5 12. e3 Re7 13. Be2 Ne8 14. f4 exf3 15.
Bxf3 f6 16. Ng4 Bxg4 17. Bxg4 Nc6 18. Bf3 Qb6 19. O-O Rc8 20. b5 Ne5 21. Bd5+
Kh8 22. Rad1 Nc7 23. e4 Rce8 24. a4 Ne6 25. Qg3 Nd4 26. Kh1 Rc7 27. h3 h6 28.
Qa3 a5 29. Qe3 Nc2 30. Qf2 Nb4 31. Qg3 Rce7 1/2-1/2

[Event "1. Bundesliga 2013/2014"]
[Site "Jenbach, Wolfsberg, St. Veit/Glan"]
[Date "2014.03.22"]
[Round "10"]
[Board "2"]
[White "Weiss, Christian"]
[Black "Srienz, Christian"]
[Result "1-0"]
[WhiteElo "2386"]
[BlackElo "2280"]
[PlyCount "105"]
[EventDate "2013.12.06"]
[EventType "team"]
[EventRounds "11"]
[EventCountry "AUT"]
[WhiteTeam "Union Ansfelden"]
[BlackTeam "tschaturanga"]

1. d4 Nf6 2. Nc3 d5 3. Bg5 Nbd7 4. e3 c6 5. Nf3 Qb6 6. Rb1 g6 7. Bd3 Bg7 8. O-O
O-O 9. h3 Re8 10. Bf4 c5 11. Nb5 e5 12. dxe5 Nh5 13. Nc3 d4 14. Nd5 Qa5 15. Qe1
Qd8 16. Bg5 f6 17. exf6 Nhxf6 18. e4 h6 19. Bxf6 Nxf6 20. Nxf6+ Qxf6 21. Qe2 g5
22. e5 Qf4 23. g3 Qf7 24. Bc4 Be6 25. Bxe6 Qxe6 26. Kg2 Qxa2 27. b3 Qa6 28.
Qxa6 bxa6 29. Ra1 Re6 30. Ra5 Rc8 31. Re1 Rcc6 32. b4 Bf8 33. bxc5 Bxc5 34. Ra4
Re7 35. Re2 Rce6 36. Re4 Kf7 37. h4 gxh4 38. Rxh4 Ke8 39. Nxd4 Rxe5 40. Nc6 Re2
41. Nxe7 Rxf2+ 42. Kh3 Kxe7 43. Rac4 Bb6 44. Rxh6 a5 45. Rcc6 Kd7 46. Rhd6+ Ke7
47. Rd3 Rf5 48. Kg4 Rc5 49. Rxc5 Bxc5 50. Kf5 a4 51. c3 a3 52. Rd2 Kf7 53. Ke4
 1-0

[Event "1. Bundesliga 2013/2014"]
[Site "Jenbach, Wolfsberg, St. Veit/Glan"]
[Date "2014.03.22"]
[Round "10"]
[Board "3"]
[White "Sadilek, Peter"]
[Black "Knoll, Hermann"]
[Result "1/2-1/2"]
[WhiteElo "2240"]
[BlackElo "2302"]
[PlyCount "97"]
[EventDate "2013.12.06"]
[EventType "team"]
[EventRounds "11"]
[EventCountry "AUT"]
[WhiteTeam "tschaturanga"]
[BlackTeam "Union Ansfelden"]

1. e4 g6 2. d4 Nf6 3. e5 Nh5 4. Be2 d6 5. Nf3 Nc6 6. O-O Ng7 7. exd6 Qxd6 8.
Nc3 a6 9. d5 Nb8 10. Ne4 Qd8 11. Re1 Nh5 12. Nfg5 Bg7 13. Bxh5 gxh5 14. Qxh5
Qxd5 15. Qf3 Qf5 16. Qg3 O-O 17. Nf3 Nc6 18. Qxc7 Be6 19. c3 Rfc8 20. Qf4 b5
21. Qg3 Qg4 22. h3 Qxg3 23. fxg3 h6 24. Bd2 a5 25. g4 a4 26. a3 Na5 27. Nd4 Bd7
28. Rad1 e6 29. Bxh6 Bxh6 30. Nf6+ Kg7 31. Nxd7 Nc4 32. Re2 Bf4 33. Nxb5 Ra5
34. Nd4 Ra7 35. Re4 Bd6 36. Nb5 Rxd7 37. Nxd6 Rxd6 38. Rxd6 Nxd6 39. Rxa4 Kf6
40. Rb4 Ke5 41. Kf2 f5 42. gxf5 exf5 43. a4 Ne4+ 44. Kf3 Nd2+ 45. Ke3 Nc4+ 46.
Kf3 Nd2+ 47. Ke3 Nc4+ 48. Kf3 Nd2+ 49. Ke3 1/2-1/2

[Event "1. Bundesliga 2013/2014"]
[Site "Jenbach, Wolfsberg, St. Veit/Glan"]
[Date "2014.03.22"]
[Round "10"]
[Board "4"]
[White "Moser, Guenter"]
[Black "Wukits, Rene"]
[Result "1/2-1/2"]
[WhiteElo "2349"]
[BlackElo "2267"]
[PlyCount "61"]
[EventDate "2013.12.06"]
[EventType "team"]
[EventRounds "11"]
[EventCountry "AUT"]
[WhiteTeam "Union Ansfelden"]
[BlackTeam "tschaturanga"]

1. d4 Nf6 2. c4 e6 3. Nf3 c5 4. g3 cxd4 5. Nxd4 Nc6 6. Bg2 Bb4+ 7. Bd2 Be7 8.
Bc3 O-O 9. e4 d5 10. Nxc6 bxc6 11. e5 Nd7 12. cxd5 cxd5 13. O-O Ba6 14. Re1 Qb6
15. Qd2 Rab8 16. Na3 Bb4 17. Bxb4 Qxb4 18. Qxb4 Rxb4 19. b3 Rc8 20. f4 Rb7 21.
Rad1 Rc5 22. Rd2 Rbc7 23. Kf2 Kf8 24. Bf3 Ke7 25. Bh5 R5c6 26. Bd1 Rc5 27. Nc2
Rc3 28. Re3 Nc5 29. Rxc3 Ne4+ 30. Ke1 Rxc3 31. Rd4 1/2-1/2

[Event "1. Bundesliga 2013/2014"]
[Site "Jenbach, Wolfsberg, St. Veit/Glan"]
[Date "2014.03.22"]
[Round "10"]
[Board "5"]
[White "Leitner, Gerald"]
[Black "Felsberger, Alfred"]
[Result "0-1"]
[WhiteElo "2199"]
[BlackElo "2352"]
[PlyCount "132"]
[EventDate "2013.12.06"]
[EventType "team"]
[EventRounds "11"]
[EventCountry "AUT"]
[WhiteTeam "tschaturanga"]
[BlackTeam "Union Ansfelden"]

1. Nf3 Nf6 2. d4 e6 3. c4 Bb4+ 4. Bd2 Qe7 5. g3 Nc6 6. Bg2 Bxd2+ 7. Nbxd2 d6 8.
O-O O-O 9. e4 e5 10. d5 Nb8 11. b4 a5 12. a3 Na6 13. Qb3 Bd7 14. Rfc1 axb4 15.
axb4 c5 16. b5 Nb4 17. Ne1 g6 18. Nd3 Nxd3 19. Qxd3 Kg7 20. Qc3 h5 21. Rxa8
Rxa8 22. Ra1 Re8 23. Ra7 Bc8 24. Bf3 g5 25. Qe3 Kg6 26. Bd1 Ng4 27. Qe2 Rh8 28.
f3 Nf6 29. Qe3 Rg8 30. Bc2 Nd7 31. Bd3 Kh7 32. Bf1 Nf8 33. Bg2 Ng6 34. Bf1 Kg7
35. Bd3 Rh8 36. Nf1 Qf6 37. Qf2 h4 38. Ne3 hxg3 39. hxg3 Ne7 40. Bf1 Qh6 41.
Bg2 Qf6 42. Bf1 Qh6 43. Bg2 Qf6 44. Kf1 Qh6 45. Ke2 Qh7 46. Ra1 Qg6 47. Kd3 f5
48. Rf1 f4 49. gxf4 exf4 50. Qb2+ Qf6 51. Nd1 Qxb2 52. Nxb2 Rh2 53. Rg1 Ng6 54.
Kc3 Kf6 55. Nd3 Nh4 56. Ne1 Bh3 57. Bf1 Bd7 58. Kd3 Be8 59. Be2 Bh5 60. Rf1 Ng6
61. Bd1 Ne5+ 62. Kc3 Rh3 63. Be2 g4 64. Kd2 gxf3 65. Bd3 Rh2+ 66. Kc3 f2 0-1

[Event "1. Bundesliga 2013/2014"]
[Site "Jenbach, Wolfsberg, St. Veit/Glan"]
[Date "2014.03.22"]
[Round "10"]
[Board "6"]
[White "Ennsberger, Ulrich"]
[Black "Petschar, Hans"]
[Result "1-0"]
[WhiteElo "2339"]
[BlackElo "2120"]
[PlyCount "129"]
[EventDate "2013.12.06"]
[EventType "team"]
[EventRounds "11"]
[EventCountry "AUT"]
[WhiteTeam "Union Ansfelden"]
[BlackTeam "tschaturanga"]

1. d4 Nf6 2. Nf3 g6 3. Nc3 d6 4. e4 Bg7 5. Be2 O-O 6. O-O Bg4 7. Be3 Nc6 8. Re1
e5 9. d5 Ne7 10. Qd2 Bd7 11. Bg5 Ne8 12. Bc4 f6 13. Bh6 g5 14. Bxg7 Nxg7 15. a4
Ng6 16. Kh1 Kh8 17. a5 a6 18. Ra3 g4 19. Ng1 f5 20. exf5 Bxf5 21. Nge2 Nh5 22.
Ng3 Nxg3+ 23. hxg3 Qf6 24. Rb3 Rab8 25. Kg1 Ne7 26. Ne4 Qg6 27. Rbe3 Rf7 28.
R1e2 Rbf8 29. Nc3 Qh5 30. f4 Ng6 31. Rf2 Bc8 32. Ne2 Qh6 33. Bd3 Bf5 34. fxe5
Nxe5 35. Rxf5 Rxf5 36. Bxf5 Rxf5 37. Nf4 Qf6 38. Qb4 h5 39. Qxb7 Qf7 40. Qc8+
Kh7 41. Rc3 c6 42. Rb3 Qa7+ 43. Kh2 Rf7 44. Rb8 Kh6 45. Qh8+ Kg5 46. Qxh5+ Kf6
47. Re8 Re7 48. Rf8+ Rf7 49. Qh4+ Kf5 50. Qh7+ Kf6 51. Qh6+ Kf5 52. Qe6+ Ke4
53. Rxf7 Qxf7 54. Qxf7 Nxf7 55. dxc6 d5 56. Nd3 d4 57. Nb4 Nd6 58. c7 Nc8 59.
Nxa6 Kd5 60. Kg1 Kc6 61. Kf2 Kb5 62. Nb8 Kxa5 63. Nc6+ Kb6 64. Nxd4 Kxc7 65.
Ke3 1-0

[Event "1. Bundesliga 2013/2014"]
[Site "Jenbach, Wolfsberg, St. Veit/Glan"]
[Date "2014.03.22"]
[Round "10"]
[Board "1"]
[White "Luther, Thomas"]
[Black "Postny, Evgeny"]
[Result "1-0"]
[WhiteElo "2571"]
[BlackElo "2635"]
[PlyCount "101"]
[EventDate "2013.12.06"]
[EventType "team"]
[EventRounds "11"]
[EventCountry "AUT"]
[WhiteTeam "SK Absam"]
[BlackTeam "SIR Bernhard Glatz"]

1. e4 e5 2. Nf3 Nc6 3. d4 exd4 4. Nxd4 Qf6 5. Nxc6 Bc5 6. Qd2 dxc6 7. Bd3 Be6
8. O-O O-O-O 9. Qe2 Ne7 10. Kh1 g5 11. e5 Qg7 12. Nd2 Nf5 13. Nb3 Bb6 14. Bd2
h5 15. Bc3 Ne7 16. a4 a6 17. a5 Ba7 18. Bc4 Nd5 19. Bd4 Nf4 20. Bxe6+ fxe6 21.
Qe3 Bxd4 22. Nxd4 h4 23. Nb3 Kb8 24. Nc5 Rd5 25. c4 h3 26. g3 Ng2 27. Qa3 Rxe5
28. Qc3 Rh7 29. Qb4 Rxc5 30. Qxc5 Qf6 31. f3 Rd7 32. Rf2 Rd3 33. Kg1 Ne3 34.
Re1 Qf5 35. Qxf5 exf5 36. f4 g4 37. Rc1 Rd4 38. b3 Rd3 39. Re2 Rxb3 40. Kf2 Ng2
41. Re8+ Ka7 42. Rc2 c5 43. Re7 Rb1 44. Rd2 c6 45. Re8 Ra1 46. Rb2 Rxa5 47. Re7
Ka8 48. Rexb7 Ra2 49. Rb8+ Ka7 50. Rxa2 Kxb8 51. Rxa6 1-0

[Event "1. Bundesliga 2013/2014"]
[Site "Jenbach, Wolfsberg, St. Veit/Glan"]
[Date "2014.03.22"]
[Round "10"]
[Board "2"]
[White "Bromberger, Stefan"]
[Black "Dizdar, Goran"]
[Result "1/2-1/2"]
[WhiteElo "2500"]
[BlackElo "2514"]
[PlyCount "66"]
[EventDate "2013.12.06"]
[EventType "team"]
[EventRounds "11"]
[EventCountry "AUT"]
[WhiteTeam "SIR Bernhard Glatz"]
[BlackTeam "SK Absam"]

1. d4 Nf6 2. c4 e6 3. Nc3 Bb4 4. e3 O-O 5. Nge2 d5 6. a3 Be7 7. cxd5 exd5 8.
Nf4 a5 9. Bd3 c6 10. O-O Na6 11. f3 Nc7 12. Bc2 c5 13. dxc5 Bxc5 14. Bb3 d4 15.
exd4 Bxd4+ 16. Kh1 Ne6 17. Nxe6 Bxe6 18. Bxe6 fxe6 19. Qb3 Qb6 20. Qxb6 Bxb6
21. Re1 Kf7 22. Be3 Ra6 23. Rad1 Rd8 24. Bxb6 Rxd1 25. Rxd1 Rxb6 26. Rd2 Nd5
27. Nxd5 exd5 28. Rxd5 Rxb2 29. h4 b5 30. a4 bxa4 31. Rxa5 Ra2 32. h5 a3 33.
Kh2 h6 1/2-1/2

[Event "1. Bundesliga 2013/2014"]
[Site "Jenbach, Wolfsberg, St. Veit/Glan"]
[Date "2014.03.22"]
[Round "10"]
[Board "3"]
[White "Rotstein, Arkadij"]
[Black "Mons, Leon"]
[Result "1/2-1/2"]
[WhiteElo "2501"]
[BlackElo "2418"]
[PlyCount "100"]
[EventDate "2013.12.06"]
[EventType "team"]
[EventRounds "11"]
[EventCountry "AUT"]
[WhiteTeam "SK Absam"]
[BlackTeam "SIR Bernhard Glatz"]

1. g3 d5 2. Bg2 c6 3. d3 e5 4. Nf3 Bd6 5. e4 Nf6 6. Nbd2 O-O 7. O-O Re8 8. h3
a5 9. a4 Nbd7 10. Re1 Qc7 11. c3 b6 12. d4 dxe4 13. Nxe4 Nxe4 14. Rxe4 Ba6 15.
dxe5 Nxe5 16. Bf4 Rad8 17. Nxe5 Bxe5 18. Qe1 f6 19. Bxe5 Rxe5 20. Rxe5 fxe5 21.
Qe4 c5 22. Re1 Bd3 23. Qxe5 Qxe5 24. Rxe5 Bc4 25. Bc6 Rd6 26. Bb5 Bxb5 27. axb5
Rd2 28. Re6 Rxb2 29. Rxb6 Rc2 30. Ra6 Rxc3 31. Rxa5 Rb3 32. Kf1 h5 33. Ke2 Kh7
34. h4 c4 35. Kd2 Rd3+ 36. Kc2 Rb3 37. b6 Kg6 38. Ra6 Kf5 39. Ra7 g6 40. Rf7+
Ke6 41. Rg7 Kf6 42. Rb7 Kf5 43. Rb8 Kg4 44. b7 Kh3 45. Rg8 Rxb7 46. Rxg6 Rb3
47. Rf6 Kg2 48. Rf5 Rf3 49. Rxh5 Rxf2+ 50. Kc3 Kxg3 1/2-1/2

[Event "1. Bundesliga 2013/2014"]
[Site "Jenbach, Wolfsberg, St. Veit/Glan"]
[Date "2014.03.22"]
[Round "10"]
[Board "4"]
[White "Schramm, Christian"]
[Black "Deglmann, Ludwig"]
[Result "1/2-1/2"]
[WhiteElo "2394"]
[BlackElo "2370"]
[PlyCount "60"]
[EventDate "2013.12.06"]
[EventType "team"]
[EventRounds "11"]
[EventCountry "AUT"]
[WhiteTeam "SIR Bernhard Glatz"]
[BlackTeam "SK Absam"]

1. e4 e6 2. d4 d5 3. exd5 exd5 4. Bd3 c5 5. dxc5 Bxc5 6. Nf3 Nc6 7. Qe2+ Qe7 8.
Qxe7+ Ngxe7 9. O-O O-O 10. a3 Bg4 11. Nbd2 Bb6 12. h3 Bh5 13. b3 Bg6 14. Bxg6
Nxg6 15. Bb2 Rfe8 16. Rfe1 f6 17. Kf1 Kf7 18. Rxe8 Rxe8 19. Re1 Rxe1+ 20. Kxe1
Nge5 21. Ke2 g5 22. Bxe5 Nxe5 23. Nxe5+ fxe5 24. c4 Ke6 25. f3 d4 26. g4 Bd8
27. Kd3 Be7 28. b4 a5 29. c5 axb4 30. axb4 Kd5 1/2-1/2

[Event "1. Bundesliga 2013/2014"]
[Site "Jenbach, Wolfsberg, St. Veit/Glan"]
[Date "2014.03.22"]
[Round "10"]
[Board "5"]
[White "De Francesco, Klaus"]
[Black "Tischbierek, Raj"]
[Result "1/2-1/2"]
[WhiteElo "2231"]
[BlackElo "2431"]
[PlyCount "79"]
[EventDate "2013.12.06"]
[EventType "team"]
[EventRounds "11"]
[EventCountry "AUT"]
[WhiteTeam "SK Absam"]
[BlackTeam "SIR Bernhard Glatz"]

1. d4 d6 2. e4 g6 3. Nc3 c6 4. g3 b5 5. Bg2 b4 6. Nb1 Bg7 7. Ne2 a5 8. Be3 Nd7
9. Nd2 Ngf6 10. h3 Ba6 11. O-O e5 12. Re1 O-O 13. dxe5 dxe5 14. a3 Qe7 15. axb4
axb4 16. c4 bxc3 17. Nxc3 Nc5 18. Nb3 Ne6 19. Na4 Rfd8 20. Qc1 Bb5 21. Nac5
Rxa1 22. Qxa1 Nd4 23. Bxd4 exd4 24. e5 Nd5 25. e6 Nc7 26. Qa7 fxe6 27. Nb7 Ra8
28. Qb6 Qb4 29. Rc1 Nd5 30. Bxd5 exd5 31. N7c5 Re8 32. Qb7 h6 33. Qd7 Re1+ 34.
Kh2 Rxc1 35. Ne6 Rh1+ 36. Kg2 Bf8 37. Qe8 Rg1+ 38. Kh2 Rh1+ 39. Kg2 Rg1+ 40.
Kh2 1/2-1/2

[Event "1. Bundesliga 2013/2014"]
[Site "Jenbach, Wolfsberg, St. Veit/Glan"]
[Date "2014.03.22"]
[Round "10"]
[Board "6"]
[White "Seyb, Alexander"]
[Black "Gerhold, Michael"]
[Result "1-0"]
[WhiteElo "2367"]
[BlackElo "2264"]
[PlyCount "61"]
[EventDate "2013.12.06"]
[EventType "team"]
[EventRounds "11"]
[EventCountry "AUT"]
[WhiteTeam "SIR Bernhard Glatz"]
[BlackTeam "SK Absam"]

1. e4 c5 2. Nf3 Nc6 3. d4 cxd4 4. Nxd4 Nf6 5. Nc3 e5 6. Ndb5 d6 7. Bg5 a6 8.
Na3 b5 9. Bxf6 gxf6 10. Nd5 f5 11. Bd3 Be6 12. O-O Bxd5 13. exd5 Ne7 14. Re1
Bg7 15. Rb1 Qd7 16. c4 b4 17. Nc2 a5 18. Qh5 e4 19. Bf1 O-O 20. g3 Rae8 21. Bh3
Qa4 22. Ne3 Qxa2 23. Bxf5 Ng6 24. b3 Bd4 25. Qd1 Ne5 26. Re2 Nf3+ 27. Kg2 Qa3
28. Nc2 Qa2 29. Nxd4 Qxb1 30. Qxb1 Nxd4 31. Rxe4 1-0

[Event "1. Bundesliga 2013/2014"]
[Site "Jenbach, Wolfsberg, St. Veit/Glan"]
[Date "2014.03.22"]
[Round "10"]
[Board "1"]
[White "Rozentalis, Eduardas"]
[Black "Lenic, Luka"]
[Result "0-1"]
[WhiteElo "2623"]
[BlackElo "2654"]
[PlyCount "132"]
[EventDate "2013.12.06"]
[EventType "team"]
[EventRounds "11"]
[EventCountry "AUT"]
[WhiteTeam "SK Hohenems"]
[BlackTeam "SV Raika Rapid Feffernitz"]

1. e4 e5 2. Nf3 Nc6 3. Bb5 Nf6 4. d3 Bc5 5. c3 O-O 6. Nbd2 Re8 7. O-O a6 8. Ba4
b5 9. Bc2 d5 10. exd5 Qxd5 11. Qe2 Bg4 12. Ne4 Nxe4 13. dxe4 Qd7 14. Be3 Bxe3
15. Qxe3 Na5 16. Bb3 Nxb3 17. axb3 a5 18. h3 Bh5 19. Rfd1 Qe6 20. g4 Bg6 21.
Rd5 c6 22. Rxe5 Qxb3 23. Rxa5 Qxb2 24. Rxa8 Rxa8 25. Kg2 b4 26. cxb4 Qxb4 27.
Qd4 Qxd4 28. Nxd4 f6 29. Rc5 Bxe4+ 30. f3 Ra2+ 31. Kg3 Ra3 32. h4 g6 33. g5 Kf7
34. gxf6 Kxf6 35. Kh2 Bd5 36. Nxc6 Bxf3 37. Ne5 Be2 38. Nd7+ Kf7 39. Rc7 h5 40.
Rc5 Ra7 41. Ne5+ Kf6 42. Kg3 Ra3+ 43. Kf4 Ra4+ 44. Kg3 Rd4 45. Rc8 Bd1 46. Rc5
Re4 47. Nd7+ Ke6 48. Nf8+ Kf7 49. Nh7 Rg4+ 50. Kh3 Ra4 51. Rc7+ Ke6 52. Nf8+
Kf6 53. Rc6+ Kf7 54. Nh7 Bg4+ 55. Kg3 Bf5 56. Rc7+ Ke6 57. Nf8+ Kd6 58. Rg7
Rg4+ 59. Kh3 Rg1+ 60. Kh2 Rg4 61. Kh3 g5 62. Nh7 Rxh4+ 63. Kg3 Rg4+ 64. Kf3
Be4+ 65. Ke3 Bxh7 66. Rxh7 h4 0-1

[Event "1. Bundesliga 2013/2014"]
[Site "Jenbach, Wolfsberg, St. Veit/Glan"]
[Date "2014.03.22"]
[Round "10"]
[Board "2"]
[White "Sebenik, Matej"]
[Black "Bindrich, Falko"]
[Result "1/2-1/2"]
[WhiteElo "2497"]
[BlackElo "2591"]
[PlyCount "112"]
[EventDate "2013.12.06"]
[EventType "team"]
[EventRounds "11"]
[EventCountry "AUT"]
[WhiteTeam "SV Raika Rapid Feffernitz"]
[BlackTeam "SK Hohenems"]

1. c4 e6 2. Nc3 d5 3. d4 Nf6 4. cxd5 Nxd5 5. Nf3 c5 6. e3 Nc6 7. Bd3 Be7 8. O-O
O-O 9. Nxd5 Qxd5 10. e4 Qd7 11. dxc5 Rd8 12. Bc2 Qxd1 13. Rxd1 Rxd1+ 14. Bxd1
Bxc5 15. Ba4 Bd7 16. Bf4 Be8 17. Rd1 Kf8 18. Kf1 Ke7 19. a3 Rd8 20. Rxd8 Kxd8
21. Ke2 Nd4+ 22. Nxd4 Bxa4 23. Be3 Be7 24. Kd2 Be8 25. f3 Kd7 26. Ne2 a6 27.
Kc3 Bd8 28. Kd3 Kd6 29. Nc3 g5 30. Bd4 f5 31. exf5 exf5 32. g3 h5 33. Ke3 Ke6
34. f4 g4 35. Be5 Bd7 36. Kd3 Bb6 37. Bd4 Bc7 38. Be3 Bc6 39. Bd2 Bg2 40. Be3
Bf1+ 41. Kc2 Bd8 42. Bf2 Bf6 43. Kd2 Kd6 44. Kc2 Bc4 45. Kd2 Kc6 46. Kc2 Bg7
47. Be3 a5 48. b3 Bf1 49. a4 Bf8 50. Kd2 Bg7 51. Kc2 Bh8 52. Kd2 Ba6 53. Ne2
Kd5 54. Nc3+ Kc6 55. Ne2 Kd5 56. Nc3+ Kc6 1/2-1/2

[Event "1. Bundesliga 2013/2014"]
[Site "Jenbach, Wolfsberg, St. Veit/Glan"]
[Date "2014.03.22"]
[Round "10"]
[Board "3"]
[White "Breder, Dennis"]
[Black "Diermair, Andreas"]
[Result "1/2-1/2"]
[WhiteElo "2478"]
[BlackElo "2456"]
[PlyCount "149"]
[EventDate "2013.12.06"]
[EventType "team"]
[EventRounds "11"]
[EventCountry "AUT"]
[WhiteTeam "SK Hohenems"]
[BlackTeam "SV Raika Rapid Feffernitz"]

1. e4 e5 2. Nf3 Nc6 3. Nc3 Nf6 4. d4 exd4 5. Nxd4 Bb4 6. Nxc6 bxc6 7. Bd3 d5 8.
exd5 cxd5 9. O-O O-O 10. h3 Rb8 11. Qf3 Bd6 12. Re1 Bb7 13. Bg5 h6 14. Bxf6
Qxf6 15. Qxf6 gxf6 16. Ne2 Be5 17. Rab1 c5 18. b3 Bc6 19. Ng3 Bd7 20. Nf5 Bxf5
21. Bxf5 Rfd8 22. Rbd1 a5 23. Bg4 a4 24. Bf3 axb3 25. axb3 d4 26. Be4 Re8 27.
Bc6 Red8 28. Be4 Re8 29. Kf1 Kf8 30. Bc6 Re6 31. Bd5 Ra6 32. Bc4 Ra2 33. Bd3
Bc7 34. Re4 Re8 35. Rh4 Kg7 36. Rg4+ Kf8 37. Rh4 Kg7 38. Rg4+ Kf8 39. g3 Re5
40. Kg2 Ba5 41. Kf3 Bc3 42. h4 Ra7 43. Bh7 Ke7 44. Rf4 Ke6 45. Bd3 Ke7 46. Kg4
Be1 47. Bf5 Kf8 48. Kh5 Kg7 49. Kg4 Rae7 50. Bd3 Bc3 51. Kf3 Re1 52. Rxe1 Rxe1
53. Rg4+ Kh8 54. Bc4 f5 55. Rf4 Re5 56. Kg2 Kg7 57. Bd3 Bd2 58. Rf3 Kf6 59. g4
f4 60. Rh3 Re1 61. Kf3 Bc1 62. Rh2 Rg1 63. Bc4 Bd2 64. Ke2 Bc1 65. Kf3 Bd2 66.
Bd5 Bc1 67. Be4 Ke5 68. Bh7 f6 69. Bd3 Bd2 70. Bc4 Bc1 71. Bb5 Bb2 72. Bd3 Bc1
73. h5 Bd2 74. Rh3 Bc3 75. Rh2 1/2-1/2